La mujer negra: soñando utopías, tejiendo realidades, construyendo poder negro. Separata /

Gespeichert in:
Bibliographische Detailangaben
1. Verfasser: Duque Miranda, Luz Marina
Format: Text
Sprache:Spanish
Tags: Tag hinzufügen
Keine Tags, Fügen Sie den ersten Tag hinzu!

MARC

LEADER 00000 a a2200000 04500
001 17695
003 cru CIDCACS/IIS
005 20200203114012.0
008 200203b ||||| |||| 00| 0 spa d
999 |c 42918  |d 42918 
040 |c cru CIDCACS/IIS 
100 1 |a Duque Miranda, Luz Marina  |9 9040 
245 1 3 |a La mujer negra:   |b soñando utopías, tejiendo realidades, construyendo poder negro. Separata /  |c Luz Marina Duque Miranda 
300 |a páginas i-ix 
942 |2 ddc  |c PP 
773 0 |0 42391  |9 4395  |a Agencia Latinoamericana de Información, ALAI  |d Quito, Ecuador: ALAI  |o 07151  |t ALAI:  |x 08275564 (Servicio mensual de información y documentación)